Zaistenie nadmerných škôd dizertačná práca

Guardado en:
Detalles Bibliográficos
Autor principal: Zsoldos, Peter, 1987-
Autor Corporativo: Fakulta hospodárskej informatiky EU. Katedra matematiky a aktuárstva
Otros Autores: Horáková, Galina
Formato: Libro
Lenguaje:eslovaco
Publicado: Bratislava 2018
Materias:
Etiquetas: Agregar Etiqueta
Sin Etiquetas, Sea el primero en etiquetar este registro!

MARC

LEADER 00000nbm a2200000 4500
001 0247350
005 20230302103559.6
041 0 |a slo 
044 |a SK 
245 1 0 |a Zaistenie nadmerných škôd  |b dizertačná práca  |c Peter Zsoldos ; školiteľ: Galina Horáková 
264 1 |a Bratislava  |c 2018 
300 |a 146 s. 
610 2 0 |a pohromy živelné 
610 2 0 |a škody 
610 2 0 |a poisťovníctvo 
610 2 0 |a riziko 
610 2 0 |a modely 
610 2 0 |a rozdeľovanie 
610 2 0 |a zaistenie 
610 2 0 |a optimalizácia 
610 2 0 |a poistenie životné 
610 2 0 |a poistenie neživotné 
610 2 0 |a modelovanie ekonometrické 
100 1 |a Zsoldos, Peter, 1987- 
700 1 |a Horáková, Galina 
710 2 |a Fakulta hospodárskej informatiky EU. Katedra matematiky a aktuárstva